000 01182nam a2200265Ia 4500
003 OSt
005 20220930095013.0
006 a|||||r|||| 00| 0
007 ta
008 220926b |||||||| |||| 00| 0 hin d
024 _a66241
037 _cTheses
040 _aCRL
_cCRL
_bhin
041 _2hin
_ahin
100 _aसुनीत कुमार, ले.
110 _aदिल्ली विशविद्यालय. कला संकाय. हिन्दी विभाग
_9556888
245 0 _aबीसवीं सदी के हिन्दी पत्र - साहित्य के विकास का आलोचनात्मक अध्ययन, सुनीत कुमार
246 _aBīsavīan sadī ke hindī patra - sāhitya ke vikās kā ālochanātmak adhyayana, sunīt kumāra
260 _c2019
300 _a146पृ0
_ap.
_ccm.
650 _aहिन्दी पत्र
700 _aदिल्ली विशविद्यालय. कला संकाय. हिन्दी विभाग
_9556889
942 _cDIS
_2CC
999 _c888142
_d888142